Anglomanía (Record no. 18893)

MARC details
000 -LEADER
campo de control de longitud fija 00975nam a2200301 i 4500
001 - NÚMERO DE CONTROL
campo de control 18893
003 - IDENTIFICADOR DE NÚMERO DE CONTROL
campo de control ES-MaACL
005 - FECHA Y HORA DE LA ÚLTIMA TRANSACCIÓN
campo de control 20230906151940.0
007 - CAMPO FIJO DE DESCRIPCIÓN FÍSICA--INFORMACIÓN GENERAL
campo de control de longitud fija t|
008 - DATOS DE LONGITUD FIJA--INFORMACIÓN GENERAL
campo de control de longitud fija 020409s2001 sp |||| | spa d
020 ## - NÚMERO INTERNACIONAL ESTÁNDAR DEL LIBRO
Número Internacional Estándar del Libro 84-339-6159-4
080 ## - NÚMERO DE LA CLASIFICACIÓN DECIMAL UNIVERSAL
Número de la Clasificación Decimal Universal 159.922.4(=1.410)
080 ## - NÚMERO DE LA CLASIFICACIÓN DECIMAL UNIVERSAL
Número de la Clasificación Decimal Universal 930.85(410):316.654(4)
080 ## - NÚMERO DE LA CLASIFICACIÓN DECIMAL UNIVERSAL
Número de la Clasificación Decimal Universal 930.85(4):930.85(410)
100 1# - ENTRADA PRINCIPAL--NOMBRE DE PERSONA
Nombre de persona Buruma, Ian.
9 (RLIN) 32796
245 10 - MENCIÓN DEL TÍTULO
Título Anglomanía
Resto del título : una fascinación europea /
Mención de responsabilidad, etc. Ian Buruma ; traducción de Javier Calzada.
260 ## - PUBLICACIÓN, DISTRIBUCIÓN, ETC.
Lugar de publicación, distribución, etc. Barcelona :
Nombre del editor, distribuidor, etc. Anagrama,
Fecha de publicación, distribución, etc. [2001]
300 ## - DESCRIPCIÓN FÍSICA
Extensión 396 p. ;
Dimensiones 22 cm.
490 1# - MENCIÓN DE SERIE
Mención de serie Colección Argumentos ;
Designación de volumen o secuencia 268
504 ## - NOTA DE BIBLIOGRAFÍA, ETC.
Nota de bibliografía, etc. Bibliografía: p. 359-370.
650 14 - PUNTO DE ACCESO ADICIONAL DE MATERIA--TÉRMINO DE MATERIA
Término de materia o nombre geográfico como elemento de entrada Británicos-
Subdivisión general Psicología.
9 (RLIN) 10620
651 #4 - PUNTO DE ACCESO ADICIONAL DE MATERIA--NOMBRE GEOGRÁFICO
Nombre geográfico Gran Bretaña-
Subdivisión general Opinión europea.
9 (RLIN) 8757
651 #4 - PUNTO DE ACCESO ADICIONAL DE MATERIA--NOMBRE GEOGRÁFICO
Nombre geográfico Europa-
Subdivisión general Civilización-
-- Influencia británica.
9 (RLIN) 8587
700 1# - ENTRADA AGREGADA--NOMBRE PERSONAL
Nombre de persona Calzada, Javier.
9 (RLIN) 33939
830 0# - PUNTO DE ACCESO ADICIONAL DE SERIE-TÍTULO UNIFORME
Título uniforme Colección Argumentos ;
Designación de volumen o secuencia 268
9 (RLIN) 178071
852 ## - LOCALIZACIÓN
Ubicación ES-MaACL
Número de control de estantería L-25378
Holdings
Estatus retirado Estado de pérdida Estado de daño No para préstamo Biblioteca de origen Biblioteca actual Ubicación en estantería Fecha de adquisición Fuente de adquisición Total de préstamos Signatura topográfica completa Código de barras Visto por última vez Precio de reemplazo Tipo de ítem Koha
        Biblioteca del Ateneo de Madrid Biblioteca del Ateneo de Madrid Depósito 2 17/01/2008     L-25378 1019331 23/02/2023 23/02/2023 Libro impreso